| 000 | 00672nam a2200181 a 4500 | ||
|---|---|---|---|
| 005 | 20210219152458.0 | ||
| 008 | 991125s1943 mx 000 0 spa u | ||
| 035 | _aUPN01000054732 | ||
| 049 | _aCG | ||
| 050 | 4 | _aLF2193 G3.8 | |
| 100 | 1 | _aGarcía Robles, Alfonso | |
| 245 | 1 | 3 |
_aLa Sorbona : _bayer y hoy : sinopsis histórica de la Universidad de París desde sus orígenes hasta nuestros días _bsinopsis histórica de la Universidad de París desde sus orígenes hasta nuestros días / _cAlfonso García Robles ; pref. de Jule |
| 260 |
_aMéxico : _bUNAM, _c1943 |
||
| 300 |
_a167 p. : _bil. |
||
| 651 | 4 |
_aSORBONA- _xHISTORIA |
|
| 904 |
_aAC _b054735 |
||
| 905 | _aLibro | ||
| 999 |
_c54732 _d54732 |
||